Concerto in Do maggiore per violino e piano /

Uložené v:
Podrobná bibliografia
Hlavný autor: Mysliveček, Josef, 1737-1781 (Author)
Ďalší autori: Čeleda, Jaroslav (Arranger)
Médium: Hudobnina
Jazyk:Czech
Vydané: Praha : Státní nakladatelství krásné literatury, hudby a umění, 1958.
Vydanie:1. vyd.
ISBN: (brož.)
Fyzický popis: 1 partitura (21 s.).
Tagy: Pridať tag
Žiadne tagy, Buďte prvý kto otaguje tento záznam!

MARC

LEADER 00000ccm a22000007a 4500
001 000210313
005 20101016095027.0
008 020528s1958 xr e cze d
020 |a (brož.)  |c Kčs 9,60 
040 |a SVKKK  |b slo  |c SVKKK  |e AACR2 
041 0 |a cze 
044 |a xr  |c CZ 
100 1 |a Mysliveček, Josef,  |d 1737-1781  |4 aut 
245 1 0 |a Concerto in Do maggiore  |h [hudebnina] :  |b per violino e piano /  |c Josef Mysliveček ; [klavír] Jaroslav Čeleda ; [rev.] Jan Faust. 
250 |a 1. vyd. 
260 |a Praha :  |b Státní nakladatelství krásné literatury, hudby a umění,  |c 1958. 
300 |a 1 partitura (21 s.). 
700 1 |a Čeleda, Jaroslav  |4 arr 
700 1 |a Faust, Jan,  |d nar. 1908  |4 oth 
910 |a svkkk 
998 |a BK 
090 |g SCKHL  |k Sklad Pribinova 3. posch.  |a V.23480  |j 170657  |i 2720884860  |s Prezenčne